Villes françaises ayant des points communs (1) - Statistiques

Statistiques générales
  • Ce quiz a été pris 855 fois
    794 depuis la dernière actualisation
  • Le résultat moyen est 11 sur 12
Statistiques - réponses
Hint Réponse % Correct
Dunkerque, Le Havre, Marseille Grands ports maritimes
95%
La Baule, Le Touquet, Saint-Tropez Stations balnéaires
95%
Montreuil, Vesoul, Épinal Finissent par un L
94%
Saint-Étienne, Bordeaux, Auxerre Leur club a gagné la ligue 1
94%
Orange, Tonnerre, Falaise Dont le nom est un nom commun
93%
Poitiers, Verdun, Azincourt Site d'une bataille célèbre
93%
Briançon, Chamonix, Foix Villes de montagne
93%
Carcassonne, Provins, Dinan Villes médiévales
93%
Cayenne, Mamoudzou, Saint-Denis D'Outre-Mer
92%
Ajaccio, Pointe-à-Pitre, Saint-Pierre-d'Oléron Sur une île
90%
Granville, Calais, Dieppe Sur la Manche
87%
Saumur, Nevers, Orléans Traversées par la Loire
87%
Aucun quiz correspondant
Distribution des résultats
% des personnes avec chaque résultat
Percentile par nombre de réponses
Votre historique - résultats
Vous n’avez pas pris ce quiz depuis la dernière actualisation